000 00726nam a2200277Ia 4500
008 160803s9999 xx 000 0 und d
020 _a0439740355 (pbk.)
100 _aWade, Angela
245 _aNew York City /
245 _cAngela Wade.
260 _aNew York :
260 _bScholastic Inc.
260 _c2006
300 _a8 pages :
300 _bcolor illustrations ;
300 _c23 cm.
440 _aScholastic FX books ;
440 _vbk. 12
650 _aEnglish language -- Suffixes and prefixes --
650 _aNew York (N.Y.) --
650 _aVocabulary --
650 _xJuvenile literature.
650 _xJuvenile literature.
650 _xJuvenile literature.
700 _a400
999 _c299238
_d299238